000 00465nam a22001697a 4500
003 BUBTL
008 210308b xxu||||| |||| 00| 0 eng d
082 _a346.048/HAI
100 _aHaque, Md. Shamsul
_94024
245 _aIntellectual Property Law
_bMd. Shamsul Hfaque
260 _aDhaka
_bMrs. Romana Haque
_cc2007
300 _a1039p . :
_b21cm.
650 _aLaw
_94025
856 _k0
_l0
_yDownload
942 _2ddc
_cBK
999 _c6477
_d6477